Modern Pharmacology with Clinical Applications (Record no. 8637)
[ view plain ]
| 000 -LEADER | |
|---|---|
| fixed length control field | 00438nam a22001577a 4500 |
| 003 - CONTROL NUMBER IDENTIFIER | |
| control field | OSt |
| 008 - FIXED-LENGTH DATA ELEMENTS--GENERAL INFORMATION | |
| fixed length control field | 200528b ||||| |||| 00| 0 eng d |
| 020 ## - INTERNATIONAL STANDARD BOOK NUMBER | |
| International Standard Book Number | 978-0781737623 |
| 100 ## - MAIN ENTRY--PERSONAL NAME | |
| Personal name | Charles R. Craig and Robert E. Stitzel |
| 245 ## - TITLE STATEMENT | |
| Title | Modern Pharmacology with Clinical Applications |
| 250 ## - EDITION STATEMENT | |
| Edition statement | 6th |
| 260 ## - PUBLICATION, DISTRIBUTION, ETC. (IMPRINT) | |
| Place of publication, distribution, etc | New Delhi |
| Name of publisher, distributor, etc | Lippincott Williams and Wilkins |
| Date of publication, distribution, etc | 2017 |
| 300 ## - PHYSICAL DESCRIPTION | |
| Extent | 824 |
| 650 ## - SUBJECT ADDED ENTRY--TOPICAL TERM | |
| Topical term or geographic name as entry element | Clinical Pharmacy |
| 942 ## - ADDED ENTRY ELEMENTS (KOHA) | |
| Source of classification or shelving scheme | Dewey Decimal Classification |
| Koha item type | Text Books |
| 942 ## - ADDED ENTRY ELEMENTS (KOHA) | |
| -- | 4 |
| Withdrawn status | Lost status | Source of classification or shelving scheme | Damaged status | Not for loan | Collection code | Home library | Current library | Date acquired | Source of acquisition | Currency | Cost, normal purchase price | Bill Number | Total Checkouts | Full call number | Acc. no. / Barcode | Date last seen | Date last borrowed | Actual Cost, discounted price | Bill Date | Koha item type | Shelving location |
|---|---|---|---|---|---|---|---|---|---|---|---|---|---|---|---|---|---|---|---|---|---|
| Dewey Decimal Classification | B.Pharma | PIET C-LIBRARY | PIET C-LIBRARY | 08/01/2020 | Kirti Praskshan | IN Rupees | 1499.00 | IN5984 | 2 | 615 CRM | BP500 | 26/08/2022 | 18/08/2022 | 1124.25 | 08/01/2020 | Text Books | |||||
| Dewey Decimal Classification | B.Pharma | PIET C-LIBRARY | PIET C-LIBRARY | 08/01/2020 | Kirti Praskshan | IN Rupees | 1499.00 | IN5984 | 615 CRM | BP501 | 28/05/2020 | 1124.25 | 08/01/2020 | Reference Books | Ref. Sec. R09 | ||||||
| Dewey Decimal Classification | B.Pharma | PIET C-LIBRARY | PIET C-LIBRARY | 08/01/2020 | Kirti Praskshan | IN Rupees | 1499.00 | IN5984 | 2 | 615 CRM | BP502 | 29/08/2022 | 18/08/2022 | 1124.25 | 08/01/2020 | Text Books |